| 000 | 00580nam a2200157Ia 4500 | ||
|---|---|---|---|
| 003 | GCL | ||
| 008 | 140319s9999 xx 000 0 ara d | ||
| 040 |
_aGCL / _cGCL |
||
| 082 | 0 | 4 |
_a258 _bع ف |
| 100 | 1 | _aعبدالعظيم الديب | |
| 245 | 1 | 0 |
_aفقة امام الحرمين عبدالملك عبدالله الجوينى خصائصة - اثرة - منزلتة / _cعبدالعظيم الديب |
| 260 |
_a[S.N] : _bدار الوفاء للطباعة والنشر والتوزيع ، _c1988 |
||
| 490 | _a | ||
| 650 | 0 | 4 | _aالمذاهب الفقهية |
| 942 |
_2ddc _cBK |
||
| 999 |
_c32464 _d32464 |
||